Ley in español - Statistics

General Stats
  • This quiz has been taken 10 times
    6 since last reset
  • The average score is 9 of 21
Answer Stats
English Español % Correct
Guilty/Culpable Culpable
100%
Evidence la evidencia
100%
Law la ley
100%
To Appeal Apelar
50%
To Confess Confesar
50%
Defendent/Accused el acusado
50%
Arrest el arresto
50%
Crime el crimen
50%
Judge el juez
50%
Witness el testigo
50%
Court (Tribunal) el tribunal
50%
Custody la custodia
50%
Sentence la sentencia
50%
Not Guilty No culpable
50%
To Prove Probar
50%
Lawyer/Solicitor el abogado
0%
Jury el jurado
0%
Police Station la comisaría de policía
0%
Fine/Fee la multa
0%
Prison/Jail la prisión
0%
To Testify Testificar
0%
No matching quizzes found
Score Distribution
Percent of People with Each Score
Percentile by Number Answered
Your Score History
You have not taken this quiz since the last reset